Handbook of Contemporary Behavioral Economics Foundations and Developments
Enregistré dans:
| Autres auteurs: | |
|---|---|
| Format: | Livre |
| Langue: | anglais |
| Publié: |
Abingdon
Routledge
2016
|
| Sujets: | |
| Tags: |
Pas de tags, Soyez le premier à ajouter un tag!
|
MARC
| LEADER | 00000nam a2200000 4500 | ||
|---|---|---|---|
| 001 | 0248885 | ||
| 005 | 20240314123008.8 | ||
| 020 | |a 978-1-138-95320-8 | ||
| 020 | |a 978-0-7656-1302-8 | ||
| 041 | 0 | |a eng | |
| 044 | |a GB | ||
| 245 | 1 | 0 | |a Handbook of Contemporary Behavioral Economics |b Foundations and Developments |c Edited by: Morris Altman |
| 264 | 1 | |a Abingdon |b Routledge |c 2016 | |
| 300 | |a 762 s. | ||
| 610 | 2 | 0 | |a ekonómia behaviorálna |
| 610 | 2 | 0 | |a psychológia |
| 610 | 2 | 0 | |a správanie spotrebiteľa |
| 610 | 2 | 0 | |a rozhodovanie |
| 610 | 2 | 0 | |a teórie ekonomické |
| 610 | 2 | 0 | |a modelovanie |
| 610 | 2 | 0 | |a experimenty |
| 700 | 1 | |a Altman, Morris | |